书目信息 |
| 题名: |
ERDAS图像处理基础实验教程
|
|
| 作者: | 邓磊 , 孙晨 编著 | |
| 分册: | ||
| 出版信息: | 北京 测绘出版社 2014.06 |
|
| 页数: | 157页 | |
| 开本: | 26cm | |
| 丛书名: | ||
| 单 册: | ||
| 中图分类: | TP751.1 | |
| 科图分类: | ||
| 主题词: | 遥感图象--yao gan tu xiang--数字图象处理--应用软件--教材 | |
| 电子资源: | ||
| ISBN: | 978-7-5030-3436-7 | |
| 000 | 01139nam0 2200289 450 | |
| 001 | 96814 | |
| 005 | 20250913141242.64 | |
| 010 | @a978-7-5030-3436-7@dCNY30.00 | |
| 010 | @a978-7-89416-268-7@b光盘 | |
| 100 | @a20141224d2014 em y0chiy50 ea | |
| 101 | 0 | @achi |
| 102 | @aCN@b110000 | |
| 105 | @aak a 000yy | |
| 106 | @ar | |
| 200 | 1 | @aERDAS图像处理基础实验教程@AERDAS tu xiang chu li ji chu shi yan jiao cheng@d= Guide to ERDAS image processing@f邓磊, 孙晨编著@zeng |
| 210 | @a北京@c测绘出版社@d2014.06 | |
| 215 | @a157页@c图@d26cm@e光盘1片 | |
| 320 | @a有书目 | |
| 330 | @a本书是一本指导读者在掌握遥感原理的基础上运用遥感软件对遥感图像进行处理的书籍, 着重介绍了借助ERDAS软件对遥感图像处理的方法。全书共有19个实验, 前17个实验为结合遥感图像处理原理的实验操作, 最后2个实验为结合实际应用的综合实验。 | |
| 333 | @a遥感科学与技术教材 | |
| 510 | 1 | @aGuide to ERDAS image processing@zeng |
| 606 | 0 | @a遥感图象@Ayao gan tu xiang@x数字图象处理@x应用软件@j教材 |
| 690 | @aTP751.1@v5 | |
| 701 | 0 | @a邓磊@Adeng lei@4编著 |
| 701 | 0 | @a孙晨@Asun chen@4编著 |
| 801 | 0 | @aCN@c20250909 |
| 905 | @a河南城建学院图书馆@dTP751.1@eD293 | |
| ERDAS图像处理基础实验教程= Guide to ERDAS image processing/邓磊, 孙晨编著.-北京:测绘出版社,2014.06 |
| 157页:图;26cm+光盘1片 |
| 使用对象:遥感科学与技术教材 |
| ISBN 978-7-5030-3436-7:CNY30.00 |
| 本书是一本指导读者在掌握遥感原理的基础上运用遥感软件对遥感图像进行处理的书籍, 着重介绍了借助ERDAS软件对遥感图像处理的方法。全书共有19个实验, 前17个实验为结合遥感图像处理原理的实验操作, 最后2个实验为结合实际应用的综合实验。 |
| ● |
| 相关链接 |
|
|
|
正题名:ERDAS图像处理基础实验教程
索取号:TP751.1/D293
 
预约/预借
| 序号 | 登录号 | 条形码 | 馆藏地/架位号 | 状态 | 备注 |
| 1 | 1638340 | 216383401 | 自科库301/301自科库 136排2列4层/ [索取号:TP751.1/D293] | 在馆 |